| 000 | 00357nam a2200133Ia 4500 | ||
|---|---|---|---|
| 005 | 20260328104335.0 | ||
| 008 | 260328s9999||||xx |||||||||||||| ||und|| | ||
| 100 | _aMignucci, Andrés | ||
| 245 | 0 |
_aBruno Stagno : _b Una Arquitectura para el Trópico / _cAndrés Mignucci |
|
| 260 | _b+EDITORES | ||
| 300 | _a283 p. | ||
| 650 | _aARQUITECTURA | ||
| 942 | _cBK | ||
| 999 |
_c11857 _d11857 |
||